Beyoncé - AMERIICAN REQUIEM (Lyrics) - Statistics

General Stats
  • This quiz has been taken 55 times
  • The average score is 280 of 404
Answer Stats
Answer % Correct
a
100%
A
100%
me?) (x6)
100%
hear
100%
I
100%
L-l-l-l-l-l-l-l-l-
100%
me?
100%
me?"
100%
me
100%
me?) (x3)
100%
my
100%
am
97%
the
97%
The
97%
Amen
94%
American
94%
"Do
94%
do
94%
Do
94%
no)
94%
Requiem
94%
You
94%
you
94%
Can
92%
(Can
92%
can
92%
of
92%
to
92%
(To
92%
here
89%
said
89%
Said
89%
there (x2)
86%
is
86%
on
86%
there
86%
there (x2)
86%
there (x3)
86%
there (x4)
86%
(Yeah)
86%
Yeah
86%
goin'
83%
in
83%
in)
83%
look
83%
sing
83%
song
83%
While
83%
For
81%
for
81%
lot
81%
talkin'
81%
Are
78%
not
78%
they
78%
They
78%
we
78%
change
75%
friend
75%
ideas
75%
say?
75%
say
75%
when
75%
When
75%
Outro (When
75%
big
72%
but
69%
But
69%
Intro Nothin'
69%
now
69%
Now
69%
(Now
69%
old
69%
pretend
69%
them
69%
Them
69%
buried
67%
have
67%
Hello
67%
stand
67%
stand?
67%
things
67%
let
64%
really
64%
something?
64%
again
61%
myself)
61%
myself
61%
time
61%
way
61%
face
58%
Verse 1 | Verse 2 It's
58%
it's
58%
Looka
58%
looka
58%
Looka-looka
58%
what
58%
country
56%
wind)
56%
play
56%
same
56%
stay
56%
wind
56%
your
56%
clear
53%
Bridge | Pre-chorus Looka
53%
looka
53%
Looka- (x5)
53%
love
53%
make
53%
ends
50%
Louisiana
50%
name
50%
too
50%
Alabama
47%
chatter
47%
that
47%
ain't
44%
up
44%
been
42%
came
42%
man
42%
Oh
42%
(Oh)
42%
(Oh
42%
spoke
42%
and
39%
And
39%
hand
39%
hand)
39%
(Ow)
39%
rejection
39%
this
39%
Used
39%
has
36%
how
36%
If
36%
moonshine
36%
'nough
36%
fight
33%
Goodbye
33%
Got
33%
know
33%
lotta
33%
Or
33%
sang
33%
tell
33%
wasn't
33%
(Ah)
31%
don't,
31%
don't
31%
fear
31%
feet
31%
grandbaby
31%
had
31%
hard
31%
with
31%
father's
28%
funeral
28%
ground
28%
house
28%
rooted
28%
sins
28%
solid
28%
down
25%
friends
25%
pretty
25%
saddle
25%
settled
25%
years
25%
cleanse
22%
folk
22%
never
22%
takin'
22%
Together
22%
whole
22%
wouldn't
22%
peace
19%
space
19%
bare
17%
gaze
17%
one
17%
Plant
17%
y'all
17%
beyond
14%
Verse 3 Coming
14%
Galveston
14%
take
14%
tears
14%
Abraham)
11%
fair-weathered
11%
Salty
11%
Verse 4 Thinkin'
8%
(Thinkin'
8%
Gasden
6%
angels
3%
guide
3%
No matching quizzes found
Score Distribution
Percent of People with Each Score
Percentile by Number Answered
Your Score History
You have not taken this quiz